000 00406 a2200169 4500
001 183510
020 _a85-7153-145-5
040 _cMagnum
100 _aBeruti, Flávio
240 1 0 _aMeu amigo azul / paixão em preto e branco
_lpor
245 1 0 _aMeu amigo azul / paixão em preto e branco
300 _a32
362 0 _a2001
440 1 _aRHJ
697 _aLITERATURA INFANTO-JUVENIL
942 _cBK
999 _c183510
_d183510